| 000 | 00594nam a2200229Ia 4500 | ||
|---|---|---|---|
| 001 | 11950 | ||
| 003 | GE_BSU | ||
| 008 | 181216s||||||||xx |||||||||||||| ||und|| | ||
| 020 | _a9780813348476 | ||
| 040 | _cGE_BSU | ||
| 080 | _a327.7 | ||
| 245 | 4 | _aThe United Nations and Changind World Politics | |
| 245 | _cThomas G.Weiss, David P.Forsythe, Roger,A.Coate... | ||
| 250 | _aSeventh Edition | ||
| 260 | _aPhiladelphia | ||
| 260 | _bWestview Press | ||
| 260 | _c2014 | ||
| 300 | _a422p.ill. | ||
| 541 | _h99Gel. | ||
| 653 | _aThe United Nations and Changind World Politics | ||
| 942 | _cBK | ||
| 999 |
_c45127 _d45127 |
||